000 004230000a22001690004500
003 MACL
005 20160130135443.0
008 160130b xxu||||| |||| 00| 0 eng d
040 _aMACL
_cMACL
041 _aEnglish
082 _a823/MAU
100 _aMaugham, W. Somerset
_928352
245 _aThe Razor's Edge
260 _bVintage Publication
_c2000
_aNew Delhi
650 _aFiction
_936064
942 _cBK
_k823/MAU
_2ddc
999 _c31249
_d31249